000
00355nam a2200145 a 4500
005
20140414131921.0
008
101022s19uu xx 00 eng d
020
_a
9782894295694
050
_a
ER
_b
B11 1994
245
_a
Baboo and the lion.
260
_a
Hong kong :
_b
Tormont Pub,
_c
1994.
300
_a
12
650
_a
Lion-
_x
fiction
999
_c
111760
_d
111760